Evaluación del desempeño de los pavimentos rígidos en Costa Rica
Guardado en:
| Hovedforfatter: | |
|---|---|
| Andre forfattere: | |
| Format: | Bog |
| Sprog: | Spanish |
| Udgivet: |
[San José], Costa Rica
2020.
|
| Fag: | |
| Tags: |
Tilføj Tag
Ingen Tags, Vær først til at tagge denne postø!
|
MARC
| LEADER | 00000nam a2200000Ia 4500 | ||
|---|---|---|---|
| 003 | 013242 | ||
| 005 | 20230315155307.0 | ||
| 008 | 140116s2020 cr a 000 ||spa d | ||
| 040 | |c cru CEDI | ||
| 100 | |a Montes de Oca Hidalgo, María Paula, 1996- |9 262 | ||
| 245 | |a Evaluación del desempeño de los pavimentos rígidos en Costa Rica | ||
| 260 | |a [San José], Costa Rica |c 2020. | ||
| 500 | |a Proyecto de graduación (licenciatura en ingeniería civil)--Universidad de Costa Rica. Facultad de Ingeniería. Escuela de Ingeniería Civil | ||
| 501 | |a Directora de proyecto de graduación: Ing. Wendy Sequeira Rojas, M.Sc. | ||
| 650 | |x DETERIORACION DE CARRETERAS - PREDICCIONES - COSTA RICA |x INGENIERÍA DE CARRETERAS |x DETERIORACION DE CARRETERAS - COSTA RICA - EVALUACION |x PAVIMENTOS - COSTA RICA - EVALUACION | ||
| 700 | |9 263 |a Sequeira Rojas, Wendy Susana, 1979- |d Directora del TFG | ||
| 942 | |c CEDI | ||
| 999 | |c 13236 |d 13236 | ||
